| 000 | 00807nam a22001817a 4500 | ||
|---|---|---|---|
| 999 |
_c57362 _d57362 |
||
| 003 | Ge_BSU | ||
| 005 | 20200603134520.0 | ||
| 008 | 200603s1986ge xxu||||| |||| 00| 0 geo d | ||
| 041 | _ageo | ||
| 080 | _a630.2(035) მ-59 | ||
| 245 |
_aმეტყევის ცნობარი / _cრედ. ალ. არობელიძე ; მხატ. მ. მათითაიშვილი. |
||
| 264 |
_aთბილისი : _bსაბჭ. საქართველო, _c1986. |
||
| 300 |
_a174 გვ. ; _c 20 სმ. |
||
| 653 | _aმეტყევეობა - ცნობარები | ||
| 700 |
_aარობელიძე, ალ. _eრედაქტორი _98287 |
||
| 700 |
_aმათითაიშვილი, მ _eმხატვარი _98288 |
||
| 942 |
_2udc _cBK |
||